| 000 | 02017cam a22005174i 4500 | ||
|---|---|---|---|
| 003 | PE-LiUPU | ||
| 005 | 20250731184525.0 | ||
| 008 | 150616s r 000 0 d | ||
| 020 | _a8449916178 | ||
| 035 | _a(Sirsi) i9788449916175 | ||
| 040 |
_aPE-LiUPU _bspa _cPE-LiUPU _erda |
||
| 049 | _aPRUA | ||
| 082 | 0 | 4 |
_b _221 |
| 100 | 1 |
_aSilva Santisteban, Fernando, _eautor. |
|
| 245 | 1 | 3 |
_aEl pensamiento mágico-religioso en el Perú contemporáneo . _n12 / _cFernando Silva Santisteban. |
| 264 | 1 |
_aLima : _bEditorial Juan Mejía Baca, _c1981. |
|
| 300 |
_a433 páginas : _bilustraciones ; _c21 centímetros |
||
| 336 |
_atext _2rdacontent |
||
| 337 |
_aunmediated _2rdamedia |
||
| 338 |
_avolume _2rdacarrier |
||
| 504 | _aIncluye bibliografía. | ||
| 505 | 0 | _aEl pensamiento mágico-religioso en el Perú contemporáneo -- Los movimientos populares en el Perú -- La amazonia peruana -- El docenio militar. | |
| 526 | _aP136 | ||
| 526 | _aP135 | ||
| 526 | _aP134 | ||
| 526 | _aP133 | ||
| 526 | _aP144 | ||
| 526 | _aP143 | ||
| 526 | _aP87 | ||
| 526 | _aP35 | ||
| 526 | _aP20 | ||
| 526 | _aP14 | ||
| 526 | _aP10 | ||
| 526 | _aP06 | ||
| 650 | 0 | 4 |
_aReligión _zPerú _yEpoca Contemporanea. |
| 910 |
_ajck _bjvq _cjck |
||
| 942 |
_2ddc _cBOOK |
||
| 949 |
_a985 M39 12 _wDEWEY _c1 _i20628 _lCCODEBUL1 _mBUL _r0 _sY _tBOOK _u2015-4-23 _xEDUCACION _zUNKNOWN _0COMPRA _o.STAFF. Colección General |
||
| 949 |
_a985 M39 12 _wDEWEY _c2 _i19081 _lDISCARD _mBUL _r0 _sY _tBOOK _u2015-6-16 _xEDUCACION _PP20 _0COMPRA _o.STAFF. Colección General |
||
| 994 |
_aC0 _bPEPRU |
||
| 596 | _a1 | ||
| 999 |
_a985 M39 12 _wDEWEY _c19531 _i20628 _d19531 _f2021-11-8 _g5 _lCCODEBUL1 _mBUL _q1 _r0 _sY _tBOOK _u2015-4-23 _xBIBLIOTECA _zUNKNOWN _0COMPRA _o.STAFF. Colección General |
||
| 999 |
_a985 M39 12 _wDEWEY _c2 _i19081 _lDISCARD _mBUL _r0 _sY _tBOOK _u2015-6-16 _xEDUCACION _PP20 _0COMPRA _o.STAFF. Colección General |
||
| 980 |
_81 _gALBERTO SANCHEZ Responsable de Automatización |
||